LEADER 01453nam a2200337 u 4500 001 000000045718 003 CaOOAMICUS 005 20070226114707.0 008 990615s1995 it u000 u ita u 020 $a8831101056 035 $a10826723 040 $aPUL(R)$bita 100 1 $aYannaras, Christos,$d1935-$0(OLS)http://pul/name/31238 245 10$aHeidegger e Dionigi Areopagita :$bassenza e ignoranza di Dio /$cChristos Yannaràs ; a cura di Antonis Fyrigos. 260 $aRoma :$bCittà Nuova,$cc1995. 300 $a124 p. ;$c20 cm 490 1 $aIdee.$aFilosofia ;$v105 500 $aInclude indici. 504 $aBibliografia in nota. 600 14$aHeidegger, Martin,$d1889-1976.$0(OLS)http://pul/subject/4860 600 04$aDionysius Areopagita,$dsec. V-VI.$0(OLS)http://pul/subject/7790 830 0$aIdee.$pFilosofia ;$v105.$0(OLS)http://pul/title/10408 850 $aPUL 852 $aPUL$W1$xSL Filosofia 2$y80$mPhil A15 105$j61382$nBK-PRI$b $qStampati altre collocazioni$B61382$CPULBib$Z2$F61382 $H $81 941 1 $a10 960 $aPseudo-Dionysius,$dsec. V-VI? $97790 960 $aDionigi Areopagita, pseudo,$dsec. V-VI$97790 961 $aINV: 74835 996 $6020$a8831101056$9(OLS)http://pul/number/57018 996 $6245$aHeidegger e Dionigi Areopagita :$bassenza e ignoranza di Dio$9(OLS)http://pul/title/61650 996 $6260$aRoma :$bCittà Nuova$9(OLS)http://pul/publisher/47927 LEADER 00901nam a2200229 u 4500 001 000000065527 003 CaOOAMICUS 005 20070226121456.0 008 011210s1888 it u000 u ita u 035 $a10913338 040 $aPUL(R)$bita 100 1 $aAngiulli, Andrea,$d1837-1890.$0(OLS)http://pul/name/44101 245 13$aLa Filosofia e la scuola :$bappunti /$cAndrea Angiulli. 260 $aFirenze :$bParavia,$c1888. 300 $a408 p. ;$c22 cm 504 $aBibliografia in nota. 650 4$aFilosofia$xStudio e insegnamento.$0(OLS)http://pul/subject/4790 850 $aPUL 852 $aPUL$W1$xDP1 Antico 800$y27$m92 H 2$j84821$nBK-PRI$b $qStampati Antico$B84821$CPULBib$Z2$F84821 $H $81 941 1 $a15 996 $6245$aLa Filosofia e la scuola :$bappunti$9(OLS)http://pul/title/87144 996 $6260$aFirenze :$bParavia$9(OLS)http://pul/publisher/71171